01569nam a2200421 i 450000100060000000300090000600500170001500800390003202000150007104000350008604100080012104600090012908000080013808000080014608000160015410000270017024501160019725000170031326000760033030000300040633600270043633700540046333800280051738000160054538000270056138500380058838800140062638800140064050000800065465000210073465000190075565500500077465800340082465800430085871000560090185600980095785600920105533602KOSZ 00520220916115725.0981010s1998 pl f f |000 0 pol a8387424390 cKOSZ 005aKOSZ 005dKOSZ005/HR0 apol k1998 a657 a004 a(075.8+076)1 aRadawiecka, EwaeAutor10aZbiór zadań do ćwiczeń z rachunkowości informatycznej /cEwa Radawiecka ; Politechnika Koszalińska. aWyd. 2 popr. aKoszalin :bWydawnictwo Uczelniane Politechniki Koszalińskiej,c1998. a103 s. :bfaks. ;c25 cm. 2rdacontentaTekstbtxt 2rdamediaaBez urządzenia pośredniczącegobn 2rdacarrieraWoluminbnc aKsiążki aPublikacje dydaktyczne mPoziom naucaniaaSzkoły wyższe a1901-2000 a1989-2000 aSkrypt Instytutu Zarządzania i Marketingu do przedmiotu Rachunkowość. 4aKsięgowość 4aOprogramowanie 4aĆwiczenia i zadania dla szkół wyższych aGospodarka, ekonomia, finanse aInformatyka i technologie informacyjne2 aWydawnictwo Uczelniane (Politechnika Koszalińska) uhttp://koha.tu.koszalin.pl/cgi-bin/koha/opac-detail.pl?biblionumber=33602yKatalog online BPK uhttp://dlibra.tu.koszalin.pl/dlibra/docmetadata?id=1120&from=latestyBiblioteka Cyfrowa